An Investigation into the Syntactic, Semantic and Pragmatic Features of Participants under Linguistic Pressure / Syntactic

Wedi'i Gadw mewn:
Manylion Llyfryddiaeth
Prif Awdur: Hà Thúc Nhật Nguyên
Fformat: Anhysbys
Iaith:English
Cyhoeddwyd: 2012.
Pynciau:
Tagiau: Ychwanegu Tag
Dim Tagiau, Byddwch y cyntaf i dagio'r cofnod hwn!
Thư viện lưu trữ: Mạng thư viện Đại học Đà Nẵng
LEADER 01276na a2200325 4500
001 000030942
003 5031
005 20221129093526.0
008 151001s2012 000 eng
040 |a LNN 
041 |a ENG 
082 |a 420.4  |b HA-N  |2 Syntactic 
100 |a Hà Thúc Nhật Nguyên 
245 3 |a An Investigation into the Syntactic, Semantic and Pragmatic Features of Participants under Linguistic Pressure /  |c Hà Thúc Nhật Nguyên  |n Syntactic 
260 |c 2012. 
300 |a 78tr. : mh ; 30cm. 
650 |a An Investigation into the Syntactic, Semantic and Pragmatic Features of Participants under Linguistic Pressure, Syntactic, 2012, Hà Thúc Nhật Nguyên 
852 |c Luận văn Thạc sĩ 
OWN |a LNN 
AVA |a UDN50  |b LNN  |c English  |d 420.4 HA-N  |e available  |t Error 5001 Not defined in file expand_doc_bib_avail.  |f 1  |g 0  |h N  |i 0  |j AN  |k 1 
999 |a From the UDN01 
AVA |a UDN50  |b LNN  |c English  |d 420.4 HA-N  |e available  |t Error 5001 Not defined in file expand_doc_bib_avail.  |f 1  |g 0  |h N  |i 0  |j AN  |k 1 
TYP |a Printed language 
980 |a Mạng thư viện Đại học Đà Nẵng